| 000 | 00810nam a2200229 a 4500 | ||
|---|---|---|---|
| 001 | 000003452 | ||
| 005 | 20200929150440.0 | ||
| 008 | 090709s2009 dr ac 001 0 spa d | ||
| 020 | _a9789945868012 | ||
| 040 |
_aDO-SdBNP _bspa _cBNPHU |
||
| 082 |
_a926.13 _bE77e |
||
| 100 | 1 |
_aEspaillat G. de Adam, Ana Antonia _d1939- _910761 |
|
| 245 | 1 | 0 |
_aUn sueño hecho realidad / _cAna Antonia Espaillat G. de Adam. |
| 260 |
_aSanto Domingo, : _bA&J Gráficas, _c2009. |
||
| 300 |
_a288 p. : _bil. , retrs. ; _c21 cm. |
||
| 500 | _aIncluye índice | ||
| 500 | _aLa biblioteca posee tres ejemplares autografiados por el autor | ||
| 600 | 1 | 4 |
_aESPAILLAT G. DE ADAM, ANA ANTONIA, _d1939- _910762 |
| 650 | 4 |
_aEnfermeras psiquiátricas _xBiografías _910763 |
|
| 910 | _aValidado. Control de calidad BNPHU | ||
| 049 | _aBNPD | ||
| 999 |
_c3282 _d3282 |
||